MARC details
| 000 -LEADER |
| fixed length control field |
03735cam a2200457 i 4500 |
| 001 - CONTROL NUMBER |
| control field |
22401150 |
| 005 - DATE AND TIME OF LATEST TRANSACTION |
| control field |
20250506152950.0 |
| 008 - FIXED-LENGTH DATA ELEMENTS--GENERAL INFORMATION |
| fixed length control field |
220128s2022 cau b 001 0 eng |
| 010 ## - LIBRARY OF CONGRESS CONTROL NUMBER |
| LC control number |
2022004024 |
| 020 ## - INTERNATIONAL STANDARD BOOK NUMBER |
| International Standard Book Number |
9781503631106 |
| 037 ## - SOURCE OF ACQUISITION |
| Terms of availability |
TB |
| 040 ## - CATALOGING SOURCE |
| Original cataloging agency |
AL |
| Language of cataloging |
eng |
| Description conventions |
rda |
| Transcribing agency |
AL |
| Modifying agency |
AL |
| 042 ## - AUTHENTICATION CODE |
| Authentication code |
pcc |
| 043 ## - GEOGRAPHIC AREA CODE |
| Geographic area code |
as----- |
| 050 00 - LIBRARY OF CONGRESS CALL NUMBER |
| Classification number |
JZ6009.S644 |
| Item number |
M37 2022 |
| 084 ## - COLON CLASSIFICATION NUMBER |
| Classification number |
W:1949G(zP) R2 |
| Assigning agency |
AL |
| 100 1# - MAIN ENTRY--PERSONAL NAME |
| Personal name |
Martel, Stéphanie |
| Titles and words associated with a name |
(Professor of political science), |
| Relator term |
author. |
| 9 (RLIN) |
753806 |
| 245 10 - TITLE STATEMENT |
| Title |
Enacting the security community: |
| Remainder of title |
ASEAN's never-ending story |
| 260 ## - PUBLICATION, DISTRIBUTION, ETC. |
| Place of publication, distribution, etc. |
Stanford, California : |
| Name of publisher, distributor, etc. |
Stanford University Press, |
| Date of publication, distribution, etc. |
2022 |
| 264 #1 - PRODUCTION, PUBLICATION, DISTRIBUTION, MANUFACTURE, AND COPYRIGHT NOTICE |
| Date of production, publication, distribution, manufacture, or copyright notice |
[2022] |
| 300 ## - PHYSICAL DESCRIPTION |
| Extent |
xvii, 216p.; |
| Dimensions |
24 cm. |
| 336 ## - CONTENT TYPE |
| Content type term |
text |
| Content type code |
txt |
| Source |
rdacontent |
| 337 ## - MEDIA TYPE |
| Media type term |
unmediated |
| Media type code |
n |
| Source |
rdamedia |
| 338 ## - CARRIER TYPE |
| Carrier type term |
volume |
| Carrier type code |
nc |
| Source |
rdacarrier |
| 365 ## - TRADE PRICE |
| Price amount |
63.00 |
| Currency code |
UKP |
| 490 1# - SERIES STATEMENT |
| Series statement |
Studies in Asian security |
| 504 ## - BIBLIOGRAPHY, ETC. NOTE |
| Bibliography, etc. note |
Includes bibliographical references and index. |
| 505 0# - FORMATTED CONTENTS NOTE |
| Formatted contents note |
A cautionary tale : discourse in the making of a security community -- "It's alive!" : security community-building as practice -- Ghosts of the past, present, and future : ASEAN's approach to regional security -- The bogeymen are coming : from transnational crime to "non-traditional security" -- Here there be dragons : managing interstate conflict in the Asia-Pacific Region -- Sirens are calling : the "people-centered" security community -- To Hell and back : ASEAN's continuing odyssey. |
| 520 ## - SUMMARY, ETC. |
| Summary, etc. |
"Enacting the Security Community illuminates the central role of discourse in the making of security communities through a case study of the Association of Southeast Asian Nations (ASEAN). Despite decades of discussion, scholars of political science and international relations have long struggled to identify what kind of security community ASEAN is striving to become. Talk about security, Stéphanie Martel argues in this innovative study, is more than empty rhetoric. It is precisely through discourse that ASEAN is brought into being as a security community. Martel analyzes the epic narratives that state and non-state actors tell about ASEAN's journey to becoming a security community, featuring a colorful cast of heroes and monsters. Chapters address a wide spectrum of current regional security concerns, from the South China Sea disputes to the Rohingya crisis, and nontraditional challenges like natural disasters and pandemics. Through fieldwork and in-depth interviews with practitioners, Martel provides clear evidence that discourse is key to sustaining regional organizations like ASEAN. Enacting the Security Community is an incisive contribution to debates among scholars and practitioners about security communities as well as the role of discourse in the study of world politics, and essential reading for students of Southeast Asian International Relations, politics, and security"-- |
| Assigning source |
Provided by publisher. |
| 610 20 - SUBJECT ADDED ENTRY--CORPORATE NAME |
| Corporate name or jurisdiction name as entry element |
ASEAN. |
| 9 (RLIN) |
336494 |
| 650 #0 - SUBJECT ADDED ENTRY--TOPICAL TERM |
| Topical term or geographic name entry element |
Security, International |
| Geographic subdivision |
Southeast Asia. |
| 9 (RLIN) |
753807 |
| 650 #0 - SUBJECT ADDED ENTRY--TOPICAL TERM |
| Topical term or geographic name entry element |
Political Science |
| 651 #0 - SUBJECT ADDED ENTRY--GEOGRAPHIC NAME |
| Geographic name |
Southeast Asia |
| General subdivision |
Foreign relations. |
| 9 (RLIN) |
753808 |
| 651 #0 - SUBJECT ADDED ENTRY--GEOGRAPHIC NAME |
| Geographic name |
Southeast Asia |
| General subdivision |
Politics and government |
| Chronological subdivision |
1945- |
| 9 (RLIN) |
753809 |
| 776 08 - ADDITIONAL PHYSICAL FORM ENTRY |
| Relationship information |
Online version: |
| Main entry heading |
Martel, Stéphanie (Professor of political science). |
| Title |
Enacting the security community. |
| Place, publisher, and date of publication |
Stanford, California : Stanford University Press, 2022 |
| International Standard Book Number |
9781503632035 |
| Record control number |
(DLC) 2022004025 |
| 830 #0 - SERIES ADDED ENTRY--UNIFORM TITLE |
| Uniform title |
Studies in Asian security. |
| 9 (RLIN) |
753810 |
| 906 ## - LOCAL DATA ELEMENT F, LDF (RLIN) |
| a |
7 |
| b |
cbc |
| c |
orignew |
| d |
1 |
| e |
ecip |
| f |
20 |
| g |
y-gencatlg |
| 942 ## - ADDED ENTRY ELEMENTS (KOHA) |
| Source of classification or shelving scheme |
Colon Classification (CC) |
| Koha item type |
Textbook |
| Classification part |
W:1949G(zP) R2 |
| Suppress in OPAC |
No |